Mara Grammar Book -2/ (Record no. 208030)

MARC details
000 -LEADER
fixed length control field 00567nam a22001937a 4500
005 - DATE AND TIME OF LATEST TRANSACTION
control field 20250103152341.0
010 ## - LCCN (DPL NO)
LC control number ENG-143169
020 ## - INTERNATIONAL STANDARD BOOK NUMBER
International Standard Book Number 9788128700385
Terms of availability 400.00
035 ## - SYSTEM CONTROL NUMBER
System control number EN-126701
037 ## - SOURCE OF ACQUISITION
Source of stock number/acquisition DBAD
082 ## - DEWEY DECIMAL CLASSIFICATION NUMBER
Classification number 425
100 ## - MAIN ENTRY--PERSONAL NAME
Personal name Arohtuhpa
245 ## - TITLE STATEMENT
Title Mara Grammar Book -2/
Statement of responsibility, etc by Arohtuhpa...[et.al]
260 ## - PUBLICATION, DISTRIBUTION, ETC. (IMPRINT)
Place of publication, distribution, etc Assam
Name of publisher, distributor, etc Scientific Book Centre
270 ## - ADDRESS
Address Hengrabari Book Centre, Dispur, Guwahati, Assam-781006
300 ## - PHYSICAL DESCRIPTION
Extent viii,341p
Dimensions 22cm.(Hb)
500 ## - GENERAL NOTE
General note Mara Reih Achuna Chabu 2-na
942 ## - ADDED ENTRY ELEMENTS (KOHA)
Source of classification or shelving scheme Dewey Decimal Classification
Item type English Books
Classification part 425
Call number suffix ARO
Holdings
Withdrawn status Lost status Not for loan Collection code Home library Current library Date acquired Source of acquisition Cost, normal purchase price Full call number Barcode Copy number Cost, replacement price Koha item type
    Not For Loan Non-fiction Kadipur Kadipur 03/01/2025 Delivery of Books Division 400.00 425 ARO EN-126701 1 400.00 English Books

© Delhi Public Library
Hit Counter
free hit counter